Statistics for Land etter bilde #2

Click here to take the quiz!

General Stats

  • This quiz has been taken 25 times
  • The average score is 6 of 15

Answer Stats

Answer% Correct
Egypt
100%
Peru
80%
Storbritannia
65%
Vietnam
60%
Mongolia
50%
Italia
45%
Saudi-Arabia
40%
Tyrkia
40%
Sveits
30%
Malaysia
25%
Irak
15%
Madagaskar
15%
Ecuador
15%
Indonesia
10%
Ukraina
5%

Score Distribution

Percentile by Number Answered

Percent of People with Each Score

Your Score History

You have not taken this quiz